First Nations Communities in Québec - Statistics

General Stats
  • This quiz has been taken 20 times
  • The average score is 3 of 56
Answer Stats
Answer % Correct
Mohawks of Kahnawá:ke
100%
Mohawks of Kanesatake
67%
Conseil des Atikamekw de Wemotaci
33%
Nation Huronne Wendat
33%
Odanak
33%
Akulivik
0%
Algonquins of Barriere Lake
0%
Atikamekw de Manawan
0%
Aupaluk
0%
Bande de la Nation Innu Matimekush-Lac John
0%
Bande des Atikamekw d'Opitciwan
0%
Bande des Innus de Ekuanitshit
0%
Bande des Innus de Pessamit
0%
Bande des Montagnais de Pakua Shipi
0%
Bande Innue Essipit
0%
Chisasibi
0%
Communauté anicinape de Kitcisakik
0%
Conseil de la Première Nation Abitibiwinni
0%
Cree Nation of Chisasibi
0%
Cree Nation of Eastmain
0%
Cree Nation of Mistissini
0%
Cree Nation of Nemaska
0%
Cree Nation of Wemindji
0%
Innu Takuaikan Uashat mak Mani-Utenam
0%
Inukjuak
0%
Ivujivik
0%
Kangiqsualujjuaq
0%
Kangiqsujuaq
0%
Kangirsuk
0%
Kebaowek First Nation
0%
Killiniq
0%
Kitigan Zibi Anishinabeg
0%
Kuujjuaq
0%
Kuujjuarapik
0%
La Nation Anishnabe du Lac-Simon
0%
La Nation Micmac de Gespeg
0%
Listuguj Mi'gmaq Government
0%
Long Point First Nation
0%
Micmacs of Gesgapegiag
0%
Montagnais de Unamen Shipu
0%
Naskapi Nation of Kawawachikamach
0%
Oujé-Bougoumou Cree Nation
0%
Première Nation des Innus de Nutashkuan
0%
Première Nation des Pekuakamiulnuatsh
0%
Première Nation Wolastoqiyik Wahsipekuk
0%
Puvirnituq
0%
Quaqtaq
0%
Salluit
0%
Tasiujaq
0%
The Crees of the Waskaganish First Nation
0%
Timiskaming First Nation
0%
Umiujaq
0%
W8linak
0%
Waswanipi
0%
Whapmagoostui First Nation
0%
Wolf lake
0%
No matching quizzes found
Score Distribution
Percent of People with Each Score
Percentile by Number Answered
Your Score History
You have not taken this quiz